[Event "9. Lichtenberger Sommer 2010"]
[Site "Berlin"]
[Date "2010.08.13"]
[Round "7.95"]
[White "Tolle, Gerd"]
[Black "Opitz, Stefanie"]
[Result "1-0"]
[WhiteElo "1500"]
[BlackElo "1156"]
[PlyCount "55"]
[EventDate "2010.??.??"]
[WhiteTeam "SV Gundeldingen"]
[BlackTeam "TSG Oberschöneweide e.V."]

1. e4 e5 2. Nf3 Nc6 3. Bb5 Nf6 4. O-O Bc5 5. c3 a6 6. Ba4 b5 7. Bb3 O-O 8. Re1
Re8 9. d4 exd4 10. cxd4 Ba7 11. e5 Ng4 12. h3 Nh6 13. Bxh6 gxh6 14. d5 Ne7 15.
d6 cxd6 16. exd6 Nc6 17. Nc3 Bb7 18. Qd2 Rxe1+ 19. Rxe1 Qf6 20. Nd5 Qxd6 21.
Ne7+ Qxe7 22. Rxe7 Nxe7 23. Qxd7 Bxf3 24. Qxe7 Bh5 25. Qb7 Bxf2+ 26. Kxf2 Rd8
27. Bd5 Rd6 28. Qb8+ 1-0

[Event "9. Lichtenberger Sommer 2010"]
[Site "Berlin"]
[Date "2010.08.13"]
[Round "7.96"]
[White "Stiemerling, Karl-Heinz"]
[Black "Petersen, Moritz"]
[Result "0-1"]
[WhiteElo "1725"]
[BlackElo "1287"]
[PlyCount "90"]
[EventDate "2010.??.??"]
[WhiteTeam "SG Eckturm"]
[BlackTeam "KSC Strausberg Abt. Schach"]

1. d4 Nf6 2. c4 g6 3. Nc3 d5 4. e3 Bg7 5. Nf3 O-O 6. Be2 e6 7. b3 b6 8. cxd5
exd5 9. Ne5 Bb7 10. Ba3 Re8 11. O-O Nbd7 12. Nb5 Nxe5 13. dxe5 Rxe5 14. Bb2 Re8
15. Rc1 Rc8 16. Nxa7 Ra8 17. Nc6 Qd6 18. Bb5 Rxa2 19. Rc2 Rea8 20. Be5 Qe6 21.
Rxa2 Rxa2 22. Qc1 Bxc6 23. Qxc6 Qxe5 24. h3 Ra1 25. g3 Rxf1+ 26. Kxf1 h6 27.
Bd3 Ne4 28. Kg2 Nc5 29. Bc2 Bf8 30. b4 Ne6 31. b5 Kg7 32. Qd7 Nc5 33. Qg4 h5
34. Qe2 d4 35. e4 d3 36. Bxd3 Nxd3 37. Qxd3 Bd6 38. f4 Qb2+ 39. Kf3 Bc5 40. Qe2
Qxe2+ 41. Kxe2 Kf6 42. h4 Ke6 43. Kd3 Bf2 44. g4 hxg4 45. Kc4 Bxh4 0-1

[Event "9. Lichtenberger Sommer 2010"]
[Site "Berlin"]
[Date "2010.08.13"]
[Round "7.98"]
[White "Kammler, Hans-Joachim"]
[Black "Blasig, Thomas"]
[Result "1-0"]
[WhiteElo "1292"]
[BlackElo "1109"]
[PlyCount "49"]
[EventDate "2010.??.??"]
[WhiteTeam "SG Eckturm"]
[BlackTeam "SC Kreuzberg e.V."]

1. e4 d5 2. exd5 Qxd5 3. Nc3 Qd6 4. d4 Nf6 5. Be2 a6 6. Nf3 Nc6 7. O-O g6 8.
Bg5 Bg7 9. Re1 b5 10. a3 O-O 11. Qd2 Rd8 12. Rad1 Bb7 13. Bh6 Bh8 14. Bf4 Qd7
15. d5 Nb8 16. Ne5 Qe8 17. Bf3 e6 18. Qc1 Nxd5 19. Nxd5 Bxd5 20. Bxd5 Rxd5 21.
Rxd5 exd5 22. Nxg6 Qd7 23. Ne7+ Kf8 24. Bh6+ Bg7 25. Qg5 1-0

[Event "9. Lichtenberger Sommer 2010"]
[Site "Berlin"]
[Date "2010.08.13"]
[Round "7.99"]
[White "Trotzke, Johannes"]
[Black "Wierzbicki, Jirawat"]
[Result "1/2-1/2"]
[WhiteElo "1234"]
[BlackElo "1419"]
[PlyCount "121"]
[EventDate "2010.??.??"]
[WhiteTeam "KSC Strausberg Abt. Schach"]
[BlackTeam "SG Grün-Weiß Baumschulenweg e.V."]

1. e4 c5 2. d4 e6 3. Nf3 Qb6 4. Nc3 cxd4 5. Nxd4 Bc5 6. Be3 e5 7. Ndb5 Bxe3 8.
fxe3 Qxe3+ 9. Be2 Qc5 10. Nd6+ Kf8 11. Qd5 Qxd5 12. exd5 Ne7 13. Rf1 f6 14. g4
h6 15. O-O-O a6 16. Na4 a5 17. Nb6 Ra7 18. Nbxc8 Nxc8 19. Nxc8 Ra8 20. Bb5 Kg8
21. Nb6 Ra7 22. Nxd7 Nxd7 23. Bxd7 Ra8 24. d6 Rd8 25. Ba4 Kf7 26. d7 Ke7 27.
Rf3 Rhf8 28. Rc3 b6 29. Rc6 Rb8 30. Rc8 Rbxc8 31. dxc8=Q Rxc8 32. Rd7+ Kf8 33.
Rb7 Rc5 34. Rxb6 Rc4 35. Rb8+ Ke7 36. Rg8 Rxa4 37. Rxg7+ Ke6 38. a3 Rf4 39. h3
Rf1+ 40. Kd2 Rf3 41. c4 Rxh3 42. c5 Kd5 43. Rc7 Rb3 44. Kc2 Rb5 45. c6 Rc5+ 46.
Kd3 Rxc6 47. Rxc6 Kxc6 48. b4 axb4 49. axb4 Kb5 50. Kc3 Kb6 51. Kc4 Kc6 52. b5+
Kb6 53. Kb4 Kb7 54. Kc5 Kc7 55. b6+ Kb7 56. Kb5 Kb8 57. Kc5 Kb7 58. Kb5 Kc8 59.
Kc5 Kb8 60. Kb5 Ka8 61. Kc5 1/2-1/2

[Event "9. Lichtenberger Sommer 2010"]
[Site "Berlin"]
[Date "2010.08.13"]
[Round "7.100"]
[White "Jiranek, Benno"]
[Black "Lippianowski, Stefan"]
[Result "1/2-1/2"]
[WhiteElo "1399"]
[BlackElo "1301"]
[PlyCount "94"]
[EventDate "2010.??.??"]
[WhiteTeam "SC Kreuzberg e.V."]
[BlackTeam "Treptower SV 1949 e.V."]

1. d4 d5 2. c4 Bf5 3. Qb3 Bxb1 4. Qxb7 Nd7 5. Rxb1 Ngf6 6. c5 e5 7. e3 a6 8. a3
Be7 9. Bxa6 Rb8 10. Qc6 O-O 11. Bd2 Re8 12. Ba5 Nb6 13. cxb6 cxb6 14. Bd2 exd4
15. Ne2 Ne4 16. exd4 Bh4 17. g3 Bg5 18. f4 Bf6 19. Bc3 Qe7 20. Rf1 Nd6 21. Qxd5
b5 22. Rf2 Qa7 23. Qxd6 Be7 24. Qd5 Qxa6 25. Qb3 Bf6 26. Qb4 Be7 27. Qa5 Qe6
28. Qa7 Qe4 29. Rd1 Qh1+ 30. Kd2 Qe4 31. Kc1 Qe3+ 32. Bd2 Qxf2 33. Ng1 Bf6 34.
Qd7 Red8 35. Qc7 Qxd4 36. Qc2 Rbc8 37. Bc3 Qe3+ 38. Kb1 Rxd1+ 39. Qxd1 Rd8 40.
Qc1 Qe4+ 41. Ka1 h6 42. Bxf6 gxf6 43. Nh3 Kh7 44. Nf2 Qd4 45. Qc2+ Kg8 46. Ng4
Kg7 47. Nf2 Ra8 1/2-1/2

[Event "9. Lichtenberger Sommer 2010"]
[Site "Berlin"]
[Date "2010.08.14"]
[Round "8.1"]
[White "Stern, René"]
[Black "Braun, Arik"]
[Result "1/2-1/2"]
[WhiteElo "2490"]
[BlackElo "2527"]
[PlyCount "111"]
[EventDate "2010.??.??"]
[WhiteTeam "SK König Tegel 1949 e.V."]
[BlackTeam "SC Eppingen"]

1. d4 Nf6 2. c4 c5 3. d5 e6 4. Nc3 exd5 5. cxd5 Bd6 6. e4 O-O 7. Bd3 Re8 8. Nf3
a6 9. a4 Bc7 10. O-O d6 11. h3 Nbd7 12. Bf4 Nf8 13. Nd2 Rb8 14. a5 Ng6 15. Bh2
Ne5 16. Bxe5 Rxe5 17. Nc4 Re7 18. e5 dxe5 19. d6 Bxd6 20. Nxd6 Rd7 21. Nxf7
Kxf7 22. Qb3+ Kf8 23. Bxa6 Rd4 24. Bc4 Ra8 25. Nb5 Rh4 26. Qc3 Qe7 27. b3 Bf5
28. Rfe1 Re4 29. Rxe4 Bxe4 30. Re1 Re8 31. Qd2 Bc6 32. Nc3 Qc7 33. a6 bxa6 34.
Qe3 Qb6 35. Qg3 Qb8 36. Qe3 Qb6 37. Ra1 Bb5 38. Na4 Qc6 39. Bxb5 axb5 40. Nxc5
Qd5 41. Ra7 Re7 42. Ra5 b4 43. Qd3 Qxd3 44. Nxd3 e4 45. Nxb4 Rb7 46. Ra4 Kf7
47. g4 Kg6 48. Kg2 h6 49. Nc6 Rxb3 50. Ne7+ Kh7 51. Ra7 Rd3 52. Nf5 Rd7 53.
Rxd7 Nxd7 54. Kf1 Kg6 55. Ke2 h5 56. Ng3 1/2-1/2

[Event "9. Lichtenberger Sommer 2010"]
[Site "Berlin"]
[Date "2010.08.14"]
[Round "8.2"]
[White "Brustkern, Jürgen"]
[Black "Richter, Michael"]
[Result "1-0"]
[WhiteElo "2266"]
[BlackElo "2428"]
[PlyCount "123"]
[EventDate "2010.??.??"]
[WhiteTeam "SK Zehlendorf e.V."]
[BlackTeam "Schachpinguine Berlin e.V."]

1. e4 e6 2. d3 c5 3. Nf3 Nc6 4. g3 g6 5. Bg2 Bg7 6. O-O Nge7 7. c3 O-O 8. Be3
b6 9. d4 cxd4 10. Nxd4 Bb7 11. f4 d5 12. e5 Qd7 13. Nd2 Nxd4 14. Bxd4 Rac8 15.
Nf3 Nc6 16. Rf2 Ba6 17. Bh3 Qc7 18. Kh1 Bb7 19. Qe2 Bh6 20. Re1 Nb8 21. Nh4 Ba6
22. Qd1 Nc6 23. Nf3 Rfe8 24. Bg2 Nb8 25. h4 Nd7 26. Kh2 Nc5 27. Rg1 Ne4 28. Rc2
Bc4 29. b3 Ba6 30. Ng5 Nxg5 31. fxg5 Bf8 32. Rf2 Bc5 33. Bf1 Bxf1 34. Rgxf1
Bxd4 35. cxd4 Re7 36. Qg4 Qc3 37. h5 Qd3 38. h6 Kf8 39. Qf4 Ke8 40. Rc1 Rc3 41.
Rd2 Qe3 42. Qxe3 Rxe3 43. Rc8+ Kd7 44. Rh8 Re8 45. Rxh7 Rf3 46. Rg7 Rf5 47. g4
Rf4 48. Kg3 Rf1 49. h7 Rh8 50. Rh2 Rc1 51. Rxf7+ Kc6 52. Rh6 Rg1+ 53. Kf2 Rxg4
54. Rxg6 Rh4 55. Rxe6+ Kb5 56. g6 Rc8 57. Kg3 Rh1 58. Rf2 Rc3+ 59. Kf4 Rh5 60.
g7 Rh4+ 61. Kf5 Rh5+ 62. Kg6 1-0

[Event "9. Lichtenberger Sommer 2010"]
[Site "Berlin"]
[Date "2010.08.14"]
[Round "8.3"]
[White "Rabiega, Robert"]
[Black "Von Herman, Ulf"]
[Result "1-0"]
[WhiteElo "2508"]
[BlackElo "2400"]
[PlyCount "75"]
[EventDate "2010.??.??"]
[WhiteTeam "SK König Tegel 1949 e.V."]
[BlackTeam "SK König Tegel 1949 e.V."]

1. e4 c5 2. c3 d5 3. exd5 Qxd5 4. Nf3 Nf6 5. Na3 e6 6. d4 Be7 7. Nb5 Na6 8. c4
Qd8 9. Be2 cxd4 10. O-O d3 11. Bxd3 Nb4 12. Be2 O-O 13. Bf4 Bd7 14. Nd6 Bc6 15.
Nd4 Ne8 16. Nxc6 Nxc6 17. Nxe8 Rxe8 18. Be3 Qc7 19. Qc2 Red8 20. Qe4 Bf6 21.
Rab1 a5 22. b3 Rd7 23. Rbd1 Rad8 24. Rxd7 Rxd7 25. Rd1 Rxd1+ 26. Bxd1 Qd6 27.
Bf3 Qb4 28. g3 a4 29. bxa4 Qxa4 30. Qb1 Qa8 31. Qb5 g6 32. a4 h5 33. h4 Bc3 34.
Kg2 Na5 35. Bb6 Nc6 36. Qb3 Bf6 37. a5 Nd4 38. Qb2 1-0

[Event "9. Lichtenberger Sommer 2010"]
[Site "Berlin"]
[Date "2010.08.14"]
[Round "8.4"]
[White "Figura, Atila Gajo"]
[Black "Kohler, Thomas"]
[Result "1/2-1/2"]
[WhiteElo "2403"]
[BlackElo "2246"]
[PlyCount "118"]
[EventDate "2010.??.??"]
[WhiteTeam "SC Kreuzberg e.V."]
[BlackTeam "SC Zitadelle Spandau 1977 e.V."]

1. d4 Nf6 2. c4 g6 3. Nc3 d6 4. e4 Bg7 5. Nf3 O-O 6. Be2 e5 7. O-O Nbd7 8. Re1
c6 9. Bf1 a5 10. dxe5 dxe5 11. Be3 Re8 12. Nd2 Bf8 13. Na4 b6 14. Nb3 Rb8 15.
f3 b5 16. cxb5 cxb5 17. Nc3 a4 18. Nd2 Qa5 19. a3 Nc5 20. Rc1 Rd8 21. Bg5 Nd3
22. Bxd3 Rxd3 23. Bxf6 Qb6+ 24. Kh1 Qxf6 25. Nd5 Qg5 26. f4 exf4 27. Qe2 Rxd5
28. Nf3 Qh5 29. exd5 Qxd5 30. Rcd1 Qb7 31. Qe5 Be6 32. Qxf4 b4 33. axb4 Qxb4
34. Rd4 Qxb2 35. Rxa4 Rb4 36. Rxb4 Qxb4 37. Qe3 Bd5 38. Ne5 Qb7 39. Qf2 Bg7 40.
Ng4 Qc6 41. Rd1 h5 42. Ne3 Be6 43. Nf1 Qa4 44. Re1 Qd4 45. Qxd4 Bxd4 46. Nd2
Bc3 47. Re2 Bxd2 48. Rxd2 Kg7 49. h4 Kf6 50. g3 Ke5 51. Kg2 Bd5+ 52. Kf2 Be6
53. Ke3 Kf5 54. Rd4 Ke5 55. Ra4 Kf5 56. Ra5+ Kf6 57. Kf4 Bc4 58. g4 hxg4 59.
Kxg4 Bb3 1/2-1/2

[Event "9. Lichtenberger Sommer 2010"]
[Site "Berlin"]
[Date "2010.08.14"]
[Round "8.5"]
[White "Dauth, Benjamin"]
[Black "Glantz, Robert"]
[Result "1-0"]
[WhiteElo "2291"]
[BlackElo "2207"]
[PlyCount "79"]
[EventDate "2010.??.??"]
[WhiteTeam "SC Rotation Pankow e.V."]
[BlackTeam "Sfrd. Berlin 1903 e.V."]

1. e4 c5 2. c3 Nf6 3. e5 Nd5 4. d4 cxd4 5. Qxd4 e6 6. Nf3 Nc6 7. Qe4 f5 8. exf6
Nxf6 9. Qh4 d5 10. Bd3 Bc5 11. Bg6+ Ke7 12. Bc2 Qc7 13. O-O Bd7 14. Bf4 Bd6 15.
Bxd6+ Qxd6 16. Na3 Rae8 17. Nb5 Qc5 18. Bd3 Kd8 19. b4 Qe7 20. Nfd4 Kc8 21.
Nxc6 bxc6 22. Nxa7+ Kb7 23. b5 Kxa7 24. Qa4+ Kb7 25. Qa6+ Kc7 26. Qa7+ Kd6 27.
Qa3+ Kc7 28. Qa5+ Kd6 29. Qa3+ Kc7 30. b6+ Kxb6 31. Rab1+ Kc7 32. Qa7+ Kd6 33.
Qa3+ Kc7 34. Rb7+ Kxb7 35. Qa5 Ra8 36. Rb1+ Kc8 37. Qxa8+ Kc7 38. Rb7+ Kd6 39.
Qxh8 e5 40. Bf5 1-0

[Event "9. Lichtenberger Sommer 2010"]
[Site "Berlin"]
[Date "2010.08.14"]
[Round "8.6"]
[White "Niehaus, Frank"]
[Black "Rietze, Clemens"]
[Result "1/2-1/2"]
[WhiteElo "2201"]
[BlackElo "2231"]
[PlyCount "32"]
[EventDate "2010.??.??"]
[WhiteTeam "SK König Tegel 1949 e.V."]
[BlackTeam "USV Potsdam e.V., Abt. Schach"]

1. e4 c5 2. Nf3 d6 3. d4 cxd4 4. Nxd4 Nf6 5. Nc3 a6 6. Bg5 e6 7. f4 Qc7 8. Qf3
Nc6 9. Nb3 b5 10. O-O-O Bb7 11. Kb1 b4 12. Ne2 Be7 13. Ng3 Rg8 14. Nh5 Nxh5 15.
Qxh5 Bxg5 16. Qxg5 h6 1/2-1/2

[Event "9. Lichtenberger Sommer 2010"]
[Site "Berlin"]
[Date "2010.08.14"]
[Round "8.7"]
[White "Petersen, Soren Boeck"]
[Black "Kapp, Martin"]
[Result "1/2-1/2"]
[WhiteElo "2262"]
[BlackElo "2171"]
[PlyCount "63"]
[EventDate "2010.??.??"]
[WhiteTeam "Damhus Skakklub"]
[BlackTeam "TSV IFA Chemnitz"]

1. e4 e6 2. d4 d5 3. Nd2 Nf6 4. e5 Nfd7 5. Bd3 c5 6. c3 Nc6 7. Ne2 cxd4 8. cxd4
f6 9. exf6 Nxf6 10. Nf3 Bd6 11. O-O O-O 12. Bf4 Bxf4 13. Nxf4 Ne4 14. Qc1 Ng5
15. Nxg5 Qxg5 16. Ne2 Qf6 17. Qe3 e5 18. dxe5 Nxe5 19. b3 Bd7 20. Rad1 Ng4 21.
Qd4 Qd6 22. Ng3 Rf4 23. Be4 Be6 24. Nh5 Rf7 25. g3 g6 26. h3 gxh5 27. hxg4 hxg4
28. Bxd5 Rd8 29. Bxe6 Qxd4 30. Rxd4 Rxd4 31. Rc1 Re4 32. Bxf7+ 1/2-1/2

[Event "9. Lichtenberger Sommer 2010"]
[Site "Berlin"]
[Date "2010.08.14"]
[Round "8.8"]
[White "Rohde, Wolfgang"]
[Black "Muse, Drazen"]
[Result "0-1"]
[WhiteElo "2166"]
[BlackElo "2378"]
[PlyCount "34"]
[EventDate "2010.??.??"]
[WhiteTeam "SC Friesen Lichtenberg e.V."]
[BlackTeam "SK König Tegel 1949 e.V."]

1. d4 d6 2. c4 e5 3. Nf3 e4 4. Ng5 f5 5. g4 h6 6. Nh3 g5 7. gxf5 Bxf5 8. Nc3
Bg7 9. Bg2 Nf6 10. Qb3 Nc6 11. Be3 O-O 12. O-O-O Kh8 13. Rhg1 Qd7 14. Nxg5 hxg5
15. Bxg5 Rfe8 16. Nd5 Nxd5 17. cxd5 Nxd4 0-1

[Event "9. Lichtenberger Sommer 2010"]
[Site "Berlin"]
[Date "2010.08.14"]
[Round "8.9"]
[White "Brüdigam, Martin"]
[Black "Magnussen, Helge"]
[Result "1/2-1/2"]
[WhiteElo "2318"]
[BlackElo "2119"]
[PlyCount "39"]
[EventDate "2010.??.??"]
[WhiteTeam "Sfrd. Berlin 1903 e.V."]
[BlackTeam "Elmshorner SC von 1896"]

1. e4 e6 2. d4 d5 3. Nc3 Bb4 4. exd5 exd5 5. Bd3 Nc6 6. a3 Bxc3+ 7. bxc3 Nge7
8. Qh5 Be6 9. Rb1 b6 10. Ne2 Qd7 11. O-O O-O-O 12. Ng3 g6 13. Qe2 h5 14. Re1 h4
15. Nf1 h3 16. g3 Rde8 17. Be3 Nf5 18. Bb5 Nd6 19. Ba6+ Kb8 20. Nd2 1/2-1/2

[Event "9. Lichtenberger Sommer 2010"]
[Site "Berlin"]
[Date "2010.08.14"]
[Round "8.10"]
[White "Hüttemann, Ralf"]
[Black "Postler, Reinhard"]
[Result "0-1"]
[WhiteElo "2068"]
[BlackElo "2327"]
[PlyCount "88"]
[EventDate "2010.??.??"]
[WhiteTeam "Schachfreunde Battenberg"]
[BlackTeam "TSG Oberschöneweide e.V."]

1. g3 d5 2. c4 c6 3. Bg2 Nf6 4. d4 Bf5 5. cxd5 cxd5 6. Nc3 e6 7. Nf3 Nc6 8. O-O
h6 9. Qb3 a6 10. Ne5 Na5 11. Qd1 Rc8 12. Qa4+ Nc6 13. Bf4 Be7 14. g4 Bh7 15.
Rae1 O-O 16. Bc1 Nxe5 17. dxe5 Nd7 18. f4 Nc5 19. Qd1 Bh4 20. f5 Qc7 21. Bf4
Nd7 22. Qd2 Nxe5 23. Rd1 Qb6+ 24. Be3 Qd8 25. Qd4 Nc4 26. Bc1 Bf6 27. Qf2 Nxb2
28. Bxb2 Bxc3 29. Bc1 Rc4 30. Qg3 Bf6 31. e4 Qb6+ 32. Be3 d4 33. Bf4 Rc3 34.
Qe1 e5 35. Bd2 Rc2 36. h4 Qb2 37. Bf3 Bxh4 38. Qxh4 Rxd2 39. Rb1 Qc3 40. f6
Qe3+ 41. Kh1 Bxe4 42. Rb3 Bxf3+ 43. Rxf3 Rd1+ 44. Kg2 Qg1+ 0-1

[Event "9. Lichtenberger Sommer 2010"]
[Site "Berlin"]
[Date "2010.08.14"]
[Round "8.11"]
[White "Major, Vitalij"]
[Black "Syré, Christian"]
[Result "1/2-1/2"]
[WhiteElo "2071"]
[BlackElo "2282"]
[PlyCount "102"]
[EventDate "2010.??.??"]
[WhiteTeam "SC Zitadelle Spandau 1977 e.V."]
[BlackTeam "TSG Oberschöneweide e.V."]

1. d4 g6 2. e4 Bg7 3. Bc4 d6 4. Ne2 Nf6 5. Nbc3 O-O 6. f3 Nc6 7. Be3 e5 8. Qd2
exd4 9. Nxd4 Ne5 10. Be2 Re8 11. O-O-O a6 12. g4 Bd7 13. g5 Nh5 14. f4 Nc6 15.
Bxh5 gxh5 16. Rhg1 Nxd4 17. Bxd4 Bxd4 18. Qxd4 Bc6 19. f5 Re5 20. g6 b5 21.
gxf7+ Kxf7 22. Rg3 Qf6 23. Rdg1 Rae8 24. Rg5 R8e7 25. Rxh5 Ke8 26. Rhg5 Rxf5
27. Rg8+ Kd7 28. Qd3 Rf3 29. Qe2 b4 30. Nd1 Qf4+ 31. Kb1 Bb5 32. Qg2 Qxe4 33.
Rg7 Bc6 34. Rxe7+ Qxe7 35. Qg4+ Qe6 36. Qxb4 Rf7 37. a3 Qh3 38. Qd2 Be4 39. Qe2
Bg6 40. Re1 Rf3 41. Qxa6 Qxh2 42. Qa4+ Kd8 43. Qa8+ Kd7 44. Qxf3 Qxc2+ 45. Ka2
Qb1+ 46. Kb3 Qc2+ 47. Ka2 Qb1+ 48. Kb3 Qc2+ 49. Kb4 Qc5+ 50. Kb3 Qc2+ 51. Kb4
Qc5+ 1/2-1/2

[Event "9. Lichtenberger Sommer 2010"]
[Site "Berlin"]
[Date "2010.08.14"]
[Round "8.12"]
[White "Plump, Detlef"]
[Black "Groß, Thorsten"]
[Result "1/2-1/2"]
[WhiteElo "2258"]
[BlackElo "2163"]
[PlyCount "85"]
[EventDate "2010.??.??"]
[WhiteTeam "Chessclub York"]
[BlackTeam "SC Weisse Dame e.V."]

1. e4 c6 2. d4 d5 3. Nc3 dxe4 4. Nxe4 Bf5 5. Ng3 Bg6 6. Nf3 Nd7 7. h4 h6 8. h5
Bh7 9. Bd3 Bxd3 10. Qxd3 Ngf6 11. Bf4 Qa5+ 12. Bd2 Qc7 13. O-O-O e6 14. Ne4
Nxe4 15. Qxe4 Nf6 16. Qe2 Bd6 17. Kb1 O-O-O 18. c4 c5 19. Bc3 Rhe8 20. a3 Qc6
21. dxc5 Qxc5 22. Ne5 Bxe5 23. Bxe5 a6 24. f4 Re7 25. Rxd8+ Kxd8 26. Rd1+ Rd7
27. Rxd7+ Kxd7 28. Ka2 b5 29. Bxf6 gxf6 30. Qd3+ Ke7 31. cxb5 Qxb5 32. Qxb5
axb5 33. Kb3 Kd6 34. Kc3 f5 35. Kb4 Kc6 36. a4 bxa4 37. Kxa4 f6 38. Kb4 Kd5 39.
Kc3 e5 40. b4 e4 41. g3 Kc6 42. Kc4 Kb6 43. Kc3 1/2-1/2

[Event "9. Lichtenberger Sommer 2010"]
[Site "Berlin"]
[Date "2010.08.14"]
[Round "8.13"]
[White "Friedrich, Wiede"]
[Black "Schleich, Theodor"]
[Result "1-0"]
[WhiteElo "2183"]
[BlackElo "2128"]
[PlyCount "45"]
[EventDate "2010.??.??"]
[WhiteTeam "USV Potsdam e.V., Abt. Schach"]
[BlackTeam "FC Bayern München e.V."]

1. e4 c5 2. Nf3 e6 3. d4 cxd4 4. Nxd4 Qb6 5. c3 Nc6 6. Nd2 Nxd4 7. Nc4 Qc6 8.
Qxd4 Nf6 9. e5 Bc5 10. Qf4 Ne4 11. f3 d5 12. exd6 Nxd6 13. Ne5 Qc7 14. Bd3 f6
15. Qa4+ Ke7 16. Qh4 Nf5 17. Ng6+ hxg6 18. Qxh8 Qe5+ 19. Kd1 Qd5 20. Kc2 b6 21.
Be4 Nd4+ 22. Kb1 Kf7 23. Bh6 1-0

[Event "9. Lichtenberger Sommer 2010"]
[Site "Berlin"]
[Date "2010.08.14"]
[Round "8.14"]
[White "Dimitrijeski, Kristian"]
[Black "Moritz, Aron"]
[Result "0-1"]
[WhiteElo "2229"]
[BlackElo "2027"]
[PlyCount "68"]
[EventDate "2010.??.??"]
[WhiteTeam "SK König Tegel 1949 e.V."]
[BlackTeam "SV Empor Berlin e.V."]

1. d4 Nf6 2. c4 g6 3. Nc3 Bg7 4. e4 d6 5. Nf3 O-O 6. Be2 Nbd7 7. O-O e5 8. Re1
h6 9. Bf1 a6 10. Rb1 Rb8 11. d5 Nh7 12. b4 f5 13. c5 b5 14. cxd6 cxd6 15. a4
bxa4 16. Qxa4 f4 17. Ba3 g5 18. b5 g4 19. Nd2 g3 20. fxg3 fxg3 21. hxg3 Qg5 22.
Qc2 Qxg3 23. Nc4 Ng5 24. Re3 Nh3+ 25. Kh1 Nf2+ 26. Kg1 Qh4 27. Rh3 Nxh3+ 28.
gxh3 Nc5 29. Bxc5 dxc5 30. Qg2 Rf4 31. Ne3 Bxh3 32. Qh2 Qg5+ 33. Ng2 Bxg2 34.
Bxg2 Rh4 0-1

[Event "9. Lichtenberger Sommer 2010"]
[Site "Berlin"]
[Date "2010.08.14"]
[Round "8.15"]
[White "Förster, Jonas"]
[Black "Fischer, Daniel"]
[Result "0-1"]
[WhiteElo "2204"]
[BlackElo "2089"]
[PlyCount "112"]
[EventDate "2010.??.??"]
[WhiteTeam "SSC Rostock 07"]
[BlackTeam "SK Oberkirch"]

1. d4 d6 2. Nf3 g6 3. e4 Bg7 4. Nc3 a6 5. a4 e6 6. Bg5 Ne7 7. Qd2 h6 8. Be3 b6
9. Be2 Bb7 10. h4 Nd7 11. g4 d5 12. exd5 Nxd5 13. Nxd5 Bxd5 14. Rh3 Qe7 15. c4
Bb7 16. a5 Nf6 17. g5 Ne4 18. Qc2 Qb4+ 19. Nd2 Nxd2 20. Bxd2 Qd6 21. c5 bxc5
22. dxc5 Qe7 23. c6 Bc8 24. Rb3 hxg5 25. Bxg5 Bf6 26. Bxf6 Qxf6 27. h5 gxh5 28.
Rf3 Qg5 29. Rg3 Qd5 30. Qc3 e5 31. Bc4 Qd4 32. Qxd4 exd4 33. O-O-O h4 34. Rg7
h3 35. Re1+ Be6 36. Bxe6 fxe6 37. Rxc7 h2 38. Rh1 e5 39. Kd2 Rh3 40. b4 e4 41.
Rg7 O-O-O 42. b5 axb5 43. a6 Ra3 44. a7 e3+ 45. fxe3 dxe3+ 46. Kc1 e2 47. Kb2
b4 48. a8=Q+ Rxa8 49. Re7 Rd2+ 50. Kb3 Ra3+ 51. Kxb4 Rh3 52. Ra1 Rb2+ 53. Kc5
Rh5+ 54. Kd6 Rd2+ 55. Ke6 e1=Q+ 56. Rxe1 h1=Q 0-1

[Event "9. Lichtenberger Sommer 2010"]
[Site "Berlin"]
[Date "2010.08.14"]
[Round "8.16"]
[White "Köpke, Christian"]
[Black "Albrecht, Rainer"]
[Result "1-0"]
[WhiteElo "2381"]
[BlackElo "2141"]
[PlyCount "45"]
[EventDate "2010.??.??"]
[WhiteTeam "SC Tarrasch 45 München"]
[BlackTeam "SC Kreuzberg e.V."]

1. b3 e6 2. Bb2 d5 3. e3 Nf6 4. Nf3 Be7 5. d4 O-O 6. Bd3 b6 7. O-O Bb7 8. c4 h6
9. Qe2 Nbd7 10. Nc3 Ne4 11. Rac1 Nxc3 12. Rxc3 c5 13. Rcc1 Qb8 14. cxd5 Bxd5
15. Bb1 Re8 16. dxc5 bxc5 17. Rfd1 Rc8 18. Nd2 a5 19. Nc4 Qa7 20. e4 Bc6 21.
Nd6 Bxd6 22. Rxd6 e5 23. Qg4 1-0

[Event "9. Lichtenberger Sommer 2010"]
[Site "Berlin"]
[Date "2010.08.14"]
[Round "8.17"]
[White "Schmid, Thomas"]
[Black "Kapr, Klaus"]
[Result "1-0"]
[WhiteElo "2268"]
[BlackElo "2046"]
[PlyCount "47"]
[EventDate "2010.??.??"]
[WhiteTeam "Lübecker SV von 1873"]
[BlackTeam "SC Friesen Lichtenberg e.V."]

1. Nc3 d5 2. e4 d4 3. Nce2 e5 4. Ng3 Bd6 5. Bc4 Qe7 6. Nf3 Be6 7. Bxe6 Qxe6 8.
O-O Ne7 9. d3 Nbc6 10. Ng5 Qg6 11. Nh3 f5 12. f4 O-O 13. c3 Rad8 14. c4 Kh8 15.
Bd2 fxe4 16. Nxe4 Nf5 17. Qe2 b6 18. a3 a5 19. Kh1 Nce7 20. g4 Ne3 21. Bxe3
dxe3 22. f5 Qh6 23. Nhg5 Rd7 24. Rf3 1-0

[Event "9. Lichtenberger Sommer 2010"]
[Site "Berlin"]
[Date "2010.08.14"]
[Round "8.18"]
[White "Schwarz, Oliver"]
[Black "Kanellopoulos, Panayotis"]
[Result "0-1"]
[WhiteElo "2114"]
[BlackElo "2268"]
[PlyCount "48"]
[EventDate "2010.??.??"]
[WhiteTeam "SV Bad Schwartau von 1930"]
[BlackTeam "Patras Chess Club"]

1. d4 Nf6 2. c4 g6 3. Nc3 Bg7 4. e4 d6 5. f3 O-O 6. Be3 c5 7. Nge2 Nc6 8. d5
Ne5 9. Ng3 h5 10. Bd3 h4 11. Nf1 e6 12. f4 Nxd3+ 13. Qxd3 exd5 14. exd5 Bf5 15.
Qd2 Qe7 16. h3 a6 17. a4 b5 18. axb5 axb5 19. Rxa8 Rxa8 20. cxb5 Ne4 21. Nxe4
Qxe4 22. Kf2 Ra2 23. Qe2 Bd4 24. Nd2 Qxf4+ 0-1

[Event "9. Lichtenberger Sommer 2010"]
[Site "Berlin"]
[Date "2010.08.14"]
[Round "8.19"]
[White "Höckendorf, Hartmut"]
[Black "Krajewski, Wolfgang"]
[Result "1/2-1/2"]
[WhiteElo "2232"]
[BlackElo "2098"]
[PlyCount "58"]
[EventDate "2010.??.??"]
[WhiteTeam "BSG Pneumant Fürstenwalde e.V."]
[BlackTeam "SK Zehlendorf e.V."]

1. e4 c5 2. Nf3 d6 3. d4 cxd4 4. Qxd4 Nc6 5. Bb5 Bd7 6. Bxc6 bxc6 7. c4 e5 8.
Qd3 Nf6 9. Nc3 Qc7 10. O-O Be7 11. b3 O-O 12. Bb2 Rad8 13. Rac1 Bg4 14. h3 Bc8
15. Ne2 Ne8 16. Ng3 g6 17. Qc3 c5 18. Ne2 f5 19. Nf4 Nf6 20. Nd5 Nxd5 21. exd5
Bf6 22. Qc2 Bg7 23. a3 Bh6 24. Nd2 Rde8 25. Rcd1 Rf7 26. b4 e4 27. bxc5 dxc5
28. Rfe1 Bd7 29. Nf1 Qd6 1/2-1/2

[Event "9. Lichtenberger Sommer 2010"]
[Site "Berlin"]
[Date "2010.08.14"]
[Round "8.20"]
[White "Jahnz, Fabian"]
[Black "Kramer, Wolfgang"]
[Result "1-0"]
[WhiteElo "2186"]
[BlackElo "2034"]
[PlyCount "45"]
[EventDate "2010.??.??"]
[WhiteTeam "SK König Tegel 1949 e.V."]
[BlackTeam "SG Schönbuch"]

1. e4 Nc6 2. Nf3 Nf6 3. e5 Ng4 4. d4 d6 5. h3 Nh6 6. c4 dxe5 7. d5 e4 8. Ng5
Nb8 9. Nxe4 Nf5 10. Nbc3 Nd6 11. Bf4 g6 12. Qd4 f6 13. c5 Nxe4 14. Qxe4 Bg7 15.
Bc4 a6 16. O-O Nd7 17. Qe3 b5 18. Bb3 g5 19. Bh2 Nf8 20. Rad1 Ng6 21. d6 e5 22.
Nd5 c6 23. Ne7 1-0

[Event "9. Lichtenberger Sommer 2010"]
[Site "Berlin"]
[Date "2010.08.14"]
[Round "8.21"]
[White "Schildt, René"]
[Black "Reichenbach, Werner"]
[Result "1/2-1/2"]
[WhiteElo "1973"]
[BlackElo "2269"]
[PlyCount "49"]
[EventDate "2010.??.??"]
[WhiteTeam "SC Zugzwang 95 e.V."]
[BlackTeam "SK Zehlendorf e.V."]

1. e4 g6 2. d4 Bg7 3. Nf3 d6 4. h3 Nf6 5. Nc3 a6 6. a4 O-O 7. a5 Nbd7 8. e5 Ne8
9. Bf4 c6 10. Bc4 d5 11. Bb3 Nc7 12. O-O Ne6 13. Be3 f6 14. Re1 f5 15. Ng5 Nxg5
16. Bxg5 h6 17. Bd2 e6 18. Na4 Qe7 19. c4 dxc4 20. Bxc4 Re8 21. Qb3 Bf8 22.
Rac1 Rb8 23. g4 Kh7 24. gxf5 gxf5 25. Kh2 1/2-1/2